000 00427nmm a2200145Ia 4500
008 251105s9999||||xx |||||||||||||||||und||
041 _aspa
100 _aAubia, Jaume
245 0 _aLa gestión de los errores médicos
264 _a[Madrid, España] :
_bFundació Víctor Grífols i Lucas,
_c2002
300 _a116 páginas
650 _aMedicine
856 _uhttps://public.digitaliapublishing.com/a/24313
942 _cCF
999 _c104193
_d104193